<?xml version="1.0" encoding="UTF-8"?>
<record
    xmlns:xsi="http://www.w3.org/2001/XMLSchema-instance"
    xsi:schemaLocation="http://www.loc.gov/MARC21/slim http://www.loc.gov/standards/marcxml/schema/MARC21slim.xsd"
    xmlns="http://www.loc.gov/MARC21/slim">

  <leader>02706cam a22004454i 4500</leader>
  <controlfield tag="003">PE-LiUPU</controlfield>
  <controlfield tag="005">20250731165407.0</controlfield>
  <controlfield tag="008">151014s2014    pe a   grm    000 0 spa d</controlfield>
  <datafield tag="035" ind1=" " ind2=" ">
    <subfield code="a">(Sirsi) a154862</subfield>
  </datafield>
  <datafield tag="040" ind1=" " ind2=" ">
    <subfield code="a">PE-LiUPU</subfield>
    <subfield code="b">spa</subfield>
    <subfield code="c">PE-LiUPU</subfield>
    <subfield code="e">rda</subfield>
  </datafield>
  <datafield tag="099" ind1=" " ind2=" ">
    <subfield code="a">SP 3</subfield>
    <subfield code="b">D23 2014</subfield>
  </datafield>
  <datafield tag="100" ind1="1" ind2=" ">
    <subfield code="a">Dami&#xE1;n Aldave, Teodora</subfield>
    <subfield code="e">autor</subfield>
  </datafield>
  <datafield tag="245" ind1="1" ind2=" ">
    <subfield code="a">Relaci&#xF3;n entre estilo de vida y s&#xED;ndrome metab&#xF3;lico en la Comunidad Adventista de Puente Piedra, Lima, Per&#xFA;, 2014 /</subfield>
    <subfield code="c">Teodora Dami&#xE1;n Aldave.</subfield>
  </datafield>
  <datafield tag="264" ind1=" " ind2="0">
    <subfield code="c">2014.</subfield>
  </datafield>
  <datafield tag="300" ind1=" " ind2=" ">
    <subfield code="a">73 hojas : </subfield>
    <subfield code="b">ilustraciones;</subfield>
    <subfield code="c">30 cm</subfield>
  </datafield>
  <datafield tag="336" ind1=" " ind2=" ">
    <subfield code="a">text</subfield>
    <subfield code="2">rdacontent</subfield>
  </datafield>
  <datafield tag="337" ind1=" " ind2=" ">
    <subfield code="a">unmediated</subfield>
    <subfield code="2">rdamedia</subfield>
  </datafield>
  <datafield tag="338" ind1=" " ind2=" ">
    <subfield code="a">volume</subfield>
    <subfield code="2">rdacarrier</subfield>
  </datafield>
  <datafield tag="502" ind1=" " ind2=" ">
    <subfield code="a">Tesis</subfield>
    <subfield code="b">(Mg.) -- </subfield>
    <subfield code="c">Universidad Peruana Uni&#xF3;n,</subfield>
    <subfield code="d">2014.</subfield>
  </datafield>
  <datafield tag="504" ind1=" " ind2=" ">
    <subfield code="a">Incluye referencias bibliogr&#xE1;ficas</subfield>
  </datafield>
  <datafield tag="520" ind1="3" ind2=" ">
    <subfield code="a">La creciente incidencia del s&#xED;ndrome metab&#xF3;lico, la alta morbimortalidad de enfermedades cardiovasculares en todos los grupos et&#xE1;reos, culturas; los riesgos, secuelas f&#xED;sicas y econ&#xF3;micas que estos producen en la sociedad actual, son realmente preocupantes en los sectores de salud, educaci&#xF3;n y gubernamentales. En ese sentido el presente estudio tiene como objetivo investigar la relaci&#xF3;n que existe entre estilos de vida y s&#xED;ndrome metab&#xF3;lico en la comunidad adventista de Puente Piedra, Lima, 2014. La investigaci&#xF3;n fue de tipo descriptivo, transversal y correlacional. La evaluaci&#xF3;n de las variables se realiz&#xF3; mediante la aplicaci&#xF3;n de las pruebas estad&#xED;sticas de correlaci&#xF3;n y de frecuencia con el fin de establecer la prevalencia, la relaci&#xF3;n y el grado de riesgo.  Como conclusi&#xF3;n, el presente estudio demostr&#xF3; que desde el punto de vista estad&#xED;stico no existe relaci&#xF3;n significativa entre estilo de vida y s&#xED;ndrome metab&#xF3;lico. Sin embargo, en los indicadores de alcohol, tabaco, deficiencia en el consumo de menestras, cereales, oleaginosas y exceso de frituras se nota niveles de relaci&#xF3;n significativa, y por tanto de riesgos cardiovasculares. Asimismo la prevalencia de s&#xED;ndrome metab&#xF3;lico, seg&#xFA;n criterios de ATP III es relativamente baja en comparaci&#xF3;n con la poblaci&#xF3;n del pa&#xED;s.</subfield>
  </datafield>
  <datafield tag="526" ind1=" " ind2=" ">
    <subfield code="a">SEG44</subfield>
  </datafield>
  <datafield tag="526" ind1=" " ind2=" ">
    <subfield code="a">SEG26</subfield>
  </datafield>
  <datafield tag="526" ind1=" " ind2=" ">
    <subfield code="a">P151</subfield>
  </datafield>
  <datafield tag="526" ind1=" " ind2=" ">
    <subfield code="a">P150</subfield>
  </datafield>
  <datafield tag="526" ind1=" " ind2=" ">
    <subfield code="a">P149</subfield>
  </datafield>
  <datafield tag="526" ind1=" " ind2=" ">
    <subfield code="a">P146</subfield>
  </datafield>
  <datafield tag="526" ind1=" " ind2=" ">
    <subfield code="a">P145</subfield>
  </datafield>
  <datafield tag="526" ind1=" " ind2=" ">
    <subfield code="a">P126</subfield>
  </datafield>
  <datafield tag="526" ind1=" " ind2=" ">
    <subfield code="a">P125</subfield>
  </datafield>
  <datafield tag="526" ind1=" " ind2=" ">
    <subfield code="a">P92</subfield>
  </datafield>
  <datafield tag="526" ind1=" " ind2=" ">
    <subfield code="a">P75</subfield>
  </datafield>
  <datafield tag="526" ind1=" " ind2=" ">
    <subfield code="a">P74</subfield>
  </datafield>
  <datafield tag="526" ind1=" " ind2=" ">
    <subfield code="a">P27</subfield>
  </datafield>
  <datafield tag="526" ind1=" " ind2=" ">
    <subfield code="a">P15</subfield>
  </datafield>
  <datafield tag="650" ind1="0" ind2="4">
    <subfield code="a">Adventistas del S&#xE9;ptimo d&#xED;a</subfield>
    <subfield code="x">Estilos de vida</subfield>
    <subfield code="x">S&#xED;ndrome metab&#xF3;lico.</subfield>
  </datafield>
  <datafield tag="596" ind1=" " ind2=" ">
    <subfield code="a">1</subfield>
  </datafield>
  <datafield tag="942" ind1=" " ind2=" ">
    <subfield code="2">ddc</subfield>
    <subfield code="c">TESIS</subfield>
  </datafield>
  <datafield tag="999" ind1=" " ind2=" ">
    <subfield code="a">SP 3 D23 2014</subfield>
    <subfield code="w">ALPHANUM</subfield>
    <subfield code="c">7555</subfield>
    <subfield code="i">T01600</subfield>
    <subfield code="d">7555</subfield>
    <subfield code="l">CCODEBUL3</subfield>
    <subfield code="m">BUL</subfield>
    <subfield code="q">1</subfield>
    <subfield code="r">1</subfield>
    <subfield code="s">Y</subfield>
    <subfield code="t">TESIS</subfield>
    <subfield code="u">2015-10-14</subfield>
    <subfield code="x">POSGRADO</subfield>
    <subfield code="P">P82</subfield>
    <subfield code="o">.STAFF. Tesis</subfield>
  </datafield>
  <datafield tag="980" ind1=" " ind2=" ">
    <subfield code="8">1</subfield>
    <subfield code="g">ALBERTO SANCHEZ Responsable de Automatizaci&#xF3;n</subfield>
  </datafield>
  <datafield tag="952" ind1=" " ind2=" ">
    <subfield code="r">2018-07-09 00:00:00</subfield>
    <subfield code="l">0</subfield>
    <subfield code="o">SP 3 D23 2014</subfield>
    <subfield code="p">T01600</subfield>
    <subfield code="t">e1</subfield>
    <subfield code="w">2015-10-14</subfield>
    <subfield code="x">PG</subfield>
    <subfield code="y">TESIS</subfield>
    <subfield code="z">Este &#xCD;tem NO se presta por ser Ejemplar #1.</subfield>
    <subfield code="1">0</subfield>
    <subfield code="2">ddc</subfield>
    <subfield code="7">1</subfield>
    <subfield code="8">TESIS</subfield>
    <subfield code="f">P82</subfield>
    <subfield code="a">BUL</subfield>
    <subfield code="b">BUL</subfield>
    <subfield code="c">TESIS</subfield>
    <subfield code="d">2015-10-14</subfield>
  </datafield>
</record>
